[Event "11th LCC Super Blitz KO 2019"]
[Site "London"]
[Date "2019.12.08"]
[Round "2.1"]
[White "Rendle, Thomas E"]
[Black "Harvey, Marcus R"]
[Result "0-1"]
[WhiteElo "2361"]
[BlackElo "2412"]
[Annotator "NA"]
[PlyCount "98"]
[EventDate "2019.12.08"]
[EventType "k.o."]
[EventCountry "ENG"]
[SourceTitle "playchess.com"]
[Source "ChessBase"]
[SourceQuality "1"]
[TimeControl "180+2"]

1. f4 {[%emt 0:00:00]} d6 {[%emt 0:00:00]} 2. Nf3 {[%emt 0:00:01]} g6 {[%emt 0:00:01]} 3. g3 {[%emt 0:00:04]} Bg7 {[%emt 0:00:01]} 4. Bg2 {[%emt 0:00:00]} e5 {[%emt 0:00:00]} 5. d3 {[%emt 0:00:02]} Ne7 {[%emt 0:00:03]} 6. O-O {[%emt 0:00:02]} O-O {[%emt 0:00:04]} 7. Nc3 {[%emt 0:00:00]} Nbc6 {[%emt 0:00:04]} 8. e4 {[%emt 0:00:02]} Bg4 {[%emt 0:00:10]} 9. h3 {[%emt 0:00:03]} Bxf3 {[%emt 0:00:01]} 10. Qxf3 {[%emt 0:00:02]} Nd4 {[%emt 0:00:03]} 11. Qd1 {[%emt 0:00:08]} c6 {[%emt 0:00:05]} 12. Ne2 {[%emt 0:00:04]} Nxe2+ {[%emt 0:00:05]} 13. Qxe2 {[%emt 0:00:01]} f5 {[%emt 0:00:03]} 14. c3 {[%emt 0:00:07]} Qc7 {[%emt 0:00:16]} 15. Be3 {[%emt 0:00:09]} d5 {[%emt 0:00:14]} 16. Bc5 {[%emt 0:00:19]} dxe4 {[%emt 0:00:12]} 17. dxe4 exf4 {[%emt 0:00:12]} 18. exf5 {[%emt 0:00:36]} Rae8 {[%emt 0:00:33]} 19. fxg6 {[%emt 0:00:17]} Nxg6 {[%emt 0:00:11]} 20. Qc4+ {[%emt 0:00:04]} Rf7 {[%emt 0:00:02]} 21. gxf4 {[%emt 0:00:37]} Nxf4 {[%emt 0:00:18]} 22. Rae1 Rxe1 {[%emt 0:00:15]} 23. Rxe1 {[%emt 0:00:03]} Qd7 {[%emt 0:00:03]} 24. Re3 {[%emt 0:00:19]} Nd5 {[%emt 0:00:07]} 25. Rf3 {[%emt 0:00:12]} Rxf3 {[%emt 0:00:07]} 26. Bxf3 {[%emt 0:00:01]} Qf5 {[%emt 0:00:01]} 27. Qe4 {[%emt 0:00:12]} Qxe4 {[%emt 0:00:06]} 28. Bxe4 {[%emt 0:00:01]} b6 {[%emt 0:00:06]} 29. Bd6 {[%emt 0:00:00]} Bf8 {[%emt 0:00:04]} 30. Bb8 {[%emt 0:00:02]} a5 {[%emt 0:00:02]} 31. Kf2 {[%emt 0:00:01]} Bc5+ {[%emt 0:00:05]} 32. Ke2 {[%emt 0:00:03]} Kg7 {[%emt 0:00:02]} 33. Be5+ {[%emt 0:00:07]} Kg8 {[%emt 0:00:08]} 34. Kd3 {[%emt 0:00:05]} Ne7 {[%emt 0:00:02]} 35. Kc4 {[%emt 0:00:04]} Be3 {[%emt 0:00:12]} 36. b4 {[%emt 0:00:05]} b5+ {[%emt 0:00:03]} 37. Kd3 {[%emt 0:00:01]} Bb6 {[%emt 0:00:01]} 38. Bd6 {[%emt 0:00:02]} Kf7 {[%emt 0:00:04]} 39. Bxh7 {[%emt 0:00:02]} axb4 {[%emt 0:00:01]} 40. cxb4 {[%emt 0:00:01]} Nd5 {[%emt 0:00:02]} 41. Bf5 {[%emt 0:00:05]} Nf6 {[%emt 0:00:05]} 42. h4 {[%emt 0:00:03]} Bf2 {[%emt 0:00:02]} 43. h5 {[%emt 0:00:07]} Nxh5 {[%emt 0:00:02]} 44. Bd7 {[%emt 0:00:02]} Nf6 {[%emt 0:00:05]} 45. Bxc6 {[%emt 0:00:01]} Ke6 46. Bf8 {[%emt 0:00:09]} Nh7 {[%emt 0:00:03]} 47. Bg7 {[%emt 0:00:05]} Be1 {[%emt 0:00:02]} 48. a3 {[%emt 0:00:01]} Ng5 {[%emt 0:00:01]} 49. Bxb5 {[%emt 0:00:02]} Kd6 0-1

[Event "11th LCC Super Blitz KO 2019"]
[Site "London"]
[Date "2019.12.08"]
[Round "2.1"]
[White "Wallace, John Paul"]
[Black "Beinoras, Mindaugas"]
[Result "0-1"]
[WhiteElo "2344"]
[BlackElo "2350"]
[Annotator "NA"]
[PlyCount "84"]
[EventDate "2019.12.08"]
[EventType "k.o."]
[EventCountry "ENG"]
[SourceTitle "playchess.com"]
[Source "ChessBase"]
[SourceQuality "1"]
[TimeControl "180+2"]

1. Nf3 {[%emt 0:00:00]} d5 {[%emt 0:00:00]} 2. c4 {[%emt 0:00:01]} c6 {[%emt 0:00:03]} 3. e3 {[%emt 0:00:02]} Nf6 {[%emt 0:00:01]} 4. b3 {[%emt 0:00:02]} Bf5 {[%emt 0:00:02]} 5. Bb2 {[%emt 0:00:01]} e6 {[%emt 0:00:01]} 6. g3 {[%emt 0:00:07]} Na6 {[%emt 0:00:13]} 7. cxd5 {[%emt 0:00:12]} Nb4 {[%emt 0:00:21]} 8. d3 {[%emt 0:00:06]} Qxd5 {[%emt 0:00:23]} 9. e4 {[%emt 0:00:45]} Nxe4 {[%emt 0:00:17]} 10. dxe4 {[%emt 0:00:01]} Qxe4+ {[%emt 0:00:14]} 11. Be2 {[%emt 0:00:22]} Rd8 {[%emt 0:00:30]} 12. Nbd2 {[%emt 0:00:53]} Nd3+ {[%emt 0:00:01]} 13. Kf1 {[%emt 0:00:00]} Bh3+ {[%emt 0:00:01]} 14. Kg1 {[%emt 0:00:02]} Nxb2 {[%emt 0:00:03]} 15. Nxe4 {[%emt 0:00:17]} Nxd1 {[%emt 0:00:04]} 16. Rxd1 {[%emt 0:00:02]} Rxd1+ 17. Bxd1 {[%emt 0:00:01]} f6 {[%emt 0:00:11]} 18. Be2 {[%emt 0:00:11]} Bb4 {[%emt 0:00:06]} 19. Bf1 {[%emt 0:00:01]} Bf5 {[%emt 0:00:04]} 20. Ned2 {[%emt 0:00:06]} Ke7 {[%emt 0:00:02]} 21. Nc4 {[%emt 0:00:15]} Rd8 {[%emt 0:00:04]} 22. Ne3 {[%emt 0:00:01]} Bb1 {[%emt 0:00:01]} 23. a4 {[%emt 0:00:05]} Be4 {[%emt 0:00:03]} 24. Be2 {[%emt 0:00:03]} f5 $18 {[%emt 0:00:17]} 25. h4 {[%emt 0:00:05]} Bd3 {[%emt 0:00:04]} 26. Kf1 {[%emt 0:00:05]} Be4 {[%emt 0:00:02]} 27. Rg1 {[%emt 0:00:05]} Bc5 {[%emt 0:00:04]} 28. Ng5 {[%emt 0:00:12]} Bd3 {[%emt 0:00:14]} 29. Nxh7 {[%emt 0:00:00]} b5 {[%emt 0:00:07]} 30. axb5 {[%emt 0:00:00]} cxb5 {[%emt 0:00:00]} 31. Ng5 {[%emt 0:00:00]} a5 {[%emt 0:00:01]} 32. Nf3 {[%emt 0:00:00]} Kf6 {[%emt 0:00:02]} 33. Ng5 {[%emt 0:00:00]} a4 {[%emt 0:00:01]} 34. bxa4 {[%emt 0:00:00]} bxa4 {[%emt 0:00:01]} 35. Bxd3 {[%emt 0:00:00]} Rxd3 {[%emt 0:00:00]} 36. Ke2 {[%emt 0:00:00]} Rb3 {[%emt 0:00:01]} 37. Ra1 {[%emt 0:00:02]} a3 {[%emt 0:00:01]} 38. Nf3 {[%emt 0:00:02]} Rb2+ {[%emt 0:00:01]} 39. Kf1 {[%emt 0:00:03]} e5 {[%emt 0:00:06]} 40. Nc4 {[%emt 0:00:03]} Rxf2+ {[%emt 0:00:05]} 41. Ke1 {[%emt 0:00:01]} Rxf3 {[%emt 0:00:01]} 42. Nxa3 {[%emt 0:00:01]} Bxa3 {[%emt 0:00:01]} 0-1

[Event "11th LCC Super Blitz KO 2019"]
[Site "London"]
[Date "2019.12.08"]
[Round "2.2"]
[White "Jones, Gawain C B"]
[Black "Adams, Michael"]
[Result "1/2-1/2"]
[WhiteElo "2683"]
[BlackElo "2701"]
[Annotator "TA"]
[PlyCount "132"]
[EventDate "2019.12.08"]
[EventType "k.o."]
[EventCountry "ENG"]
[SourceTitle "playchess.com"]
[Source "ChessBase"]
[SourceQuality "1"]

{[%evp 10,132,14,12,15,18,25,8,8,9,12,10,7,0,0,0,14,0,0,0,0,0,0,-14,-14,-121,-125,-124,-124,-126,-106,-129,-129,-262,-261,-266,-258,-266,-235,-403,-387,-544,-551,-545,-510,-492,-173,-186,-79,-102,32,36,30,17,1048,0,8,0,0,0,18,0,27,34,27,25,25,25,25,25,25,25,15,25,25,25,118,78,95,69,79,0,0,0,0,0,0,0,0,0,0,0,0,0,0,0,0,0,0,0,0,0,0,0,0,0,0,0,0,0,0,0,0,0,0,0,0,0,0,0,0,0,0,0,0]} 1. e4 e5 2. Nf3 Nc6 3. Bc4 Nf6 4. d3 Bc5 5. O-O d6 6. a4 a6 {C50: Hungarian Defence and Giuoco Pianissimo} 7. c3 Ba7 8. Be3 Bxe3 9. fxe3 O-O 10. a5 $146 ({Predecessor:} 10. Nbd2 Ne7 11. a5 Ng6 12. Bb3 h6 13. Re1 Re8 14. Qc2 c6 {½-½ (36) Kravtsiv,M (2677)-Sokolov,I (2603) Heraklio 2017}) 10... Ne7 11. Nh4 Ng6 12. Nxg6 hxg6 13. Qf3 c6 14. Bb3 d5 15. Nd2 Bg4 $36 {[%mdl 2048] Black is more active.} 16. Qg3 {aiming for Rxf6!} Be2 {[%mdl 64] Double Attack} 17. Rf2 (17. Rxf6 $11 {keeps the balance.} Qxf6 18. exd5) 17... Bxd3 $17 18. exd5 cxd5 19. h3 Qe7 20. Qh4 Rfe8 21. c4 (21. Ba4 $17) 21... Qc5 $19 22. cxd5 Qxe3 23. Qb4 Rad8 24. Ba4 $2 (24. Nf1 {was called for.} Qa7 25. Qb6 Qxb6 26. axb6) 24... Nxd5 25. Qxb7 (25. Qh4 {was worth a try.} Re7 26. Nf3) 25... Re7 26. Qb3 Nf4 {And now ...Ne2+ would win.} 27. Qb6 Qd4 $2 (27... Rd4 {...Ne2+ is the strong threat.} 28. Nf3 Kh7) 28. Nf3 {[#]} Qd6 (28... Qxb6 $1 $19 {and Black stays clearly on top.} 29. axb6 Nd5) 29. Bb3 Nd5 (29... Ne2+ $17 30. Kh2 e4+ 31. Qxd6 Rxd6) 30. Qxd6 $14 Rxd6 31. Rc1 f6 $2 {[%mdl 8192] [#]} (31... Kf8 $11) 32. Rc5 $2 ({White has to play} 32. Rc8+ $1 $18 Re8 33. Rxe8+ Kf7 34. Rb8) 32... Red7 $11 33. Rd2 e4 34. Ne1 Kf8 35. Nxd3 Ne3 36. Rc8+ Rd8 $1 {[%cal Rd8c8]} 37. Rxd8+ Rxd8 {[%mdl 64] Pin} 38. Kf2 Nf5 {Strongly threatening ...e3+.} 39. Ke1 exd3 {[%mdl 4096] Endgame KRB-KRN} 40. Bc4 $1 {[%csl LRa6,LRd3][%mdl 64] Double Attack} Re8+ 41. Kf2 Re5 42. b4 Re4 (42... Nd6 $11 43. Bxd3 Ne4+ 44. Bxe4 Rxe4) 43. Bxa6 (43. Bxd3 {seems wilder.} Rf4+ 44. Ke1 Rxb4 45. Ra2 Ne7 46. Bxa6 Nc6 47. Bd3) 43... Rxb4 44. Bxd3 Ra4 45. Bxf5 (45. a6 $16) 45... gxf5 $16 {KR-KR. The position is equal.} 46. Rd5 g6 47. Rb5 Kf7 48. g3 f4 49. gxf4 Rxf4+ 50. Kg3 g5 51. Rb7+ Kg6 52. a6 Ra4 53. a7 Kf5 54. Rb5+ Kg6 55. Rb7 Ra3+ 56. Kf2 Kf5 57. Rb5+ Kf4 {Hoping for ...Ra2+.} 58. Rb4+ Kf5 59. Rb5+ Kg6 60. Rb7 f5 61. Rb6+ Kh5 62. Rb7 f4 63. Rh7+ Kg6 64. Rb7 Ra2+ 65. Kf3 Ra3+ 66. Kf2 Kf5 {Accuracy: White = 45%, Black = 58%.} 1/2-1/2

[Event "11th LCC Super Blitz KO 2019"]
[Site "London"]
[Date "2019.12.08"]
[Round "2.2"]
[White "McShane, Luke J"]
[Black "Speelman, Jon S"]
[Result "0-1"]
[WhiteElo "2677"]
[BlackElo "2509"]
[Annotator "ChessBase"]
[PlyCount "76"]
[EventDate "2019.12.08"]
[EventType "k.o."]
[EventCountry "ENG"]
[SourceTitle "playchess.com"]
[Source "ChessBase"]
[SourceQuality "1"]
[TimeControl "180+2"]

1. e4 {[%emt 0:00:00]} c6 {[%emt 0:00:00]} 2. d4 {[%emt 0:00:01]} d5 3. e5 Bf5 {[%emt 0:00:01]} 4. h4 {[%emt 0:00:03]} h5 {[%emt 0:00:01]} 5. Bd3 {[%emt 0:00:01]} Bxd3 {[%emt 0:00:01]} 6. Qxd3 {[%emt 0:00:01]} e6 {[%emt 0:00:01]} 7. Nf3 {[%emt 0:00:03]} Nd7 {[%emt 0:00:05]} 8. Bg5 {[%emt 0:00:05]} Qb6 {[%emt 0:00:01]} 9. b3 {[%emt 0:00:07]} Be7 {[%emt 0:00:03]} 10. c4 {[%emt 0:00:05]} Bxg5 {[%emt 0:00:08]} 11. Nxg5 {[%emt 0:00:01]} Ne7 {[%emt 0:00:01]} 12. Nd2 {[%emt 0:00:03]} Nf5 {[%emt 0:00:09]} 13. Ndf3 {[%emt 0:00:14]} Qb4+ {[%emt 0:00:05]} 14. Kf1 {[%emt 0:00:08]} a5 {[%emt 0:00:27]} 15. cxd5 {[%emt 0:00:10]} cxd5 {[%emt 0:00:01]} 16. a3 {[%emt 0:00:01]} Qb6 {[%emt 0:00:02]} 17. Rc1 {[%emt 0:00:02]} Ke7 {[%emt 0:00:04]} 18. g3 {[%emt 0:00:05]} Rhc8 {[%emt 0:00:08]} 19. Kg2 {[%emt 0:00:01]} Rc6 {[%emt 0:00:01]} 20. Nh3 {[%emt 0:00:50]} Rac8 {[%emt 0:00:04]} 21. Rxc6 {[%emt 0:00:02]} Qxc6 {[%emt 0:00:01]} 22. Nf4 {[%emt 0:00:02]} Qc2 {[%emt 0:00:13]} 23. Qb5 {[%emt 0:00:23]} Ne3+ {[%emt 0:00:09]} 24. Kh3 {[%emt 0:00:15]} Qxf2 {[%emt 0:00:11]} 25. Qe2 {[%emt 0:00:32]} Qxe2 {[%emt 0:00:04]} 26. Nxe2 {[%emt 0:00:03]} Rc2 {[%emt 0:00:02]} 27. Nf4 {[%emt 0:00:03]} g6 {[%emt 0:00:01]} 28. Ne1 {[%emt 0:00:14]} Rc3 {[%emt 0:00:02]} 29. b4 {[%emt 0:00:07]} a4 {[%emt 0:00:02]} 30. Ned3 {[%emt 0:00:04]} Nf5 {[%emt 0:00:05]} 31. Rd1 {[%emt 0:00:10]} Nxd4 {[%emt 0:00:16]} 32. Nb2 {[%emt 0:00:00]} Nf5 {[%emt 0:00:02]} 33. Nxa4 {[%emt 0:00:01]} Rxg3+ {[%emt 0:00:01]} 34. Kh2 {[%emt 0:00:01]} Rxa3 {[%emt 0:00:02]} 35. Nc5 {[%emt 0:00:02]} b6 {[%emt 0:00:07]} 36. Ncd3 {[%emt 0:00:01]} Ra2+ {[%emt 0:00:03]} 37. Kh3 {[%emt 0:00:00]} Ra3 {[%emt 0:00:03]} 38. Rc1 {[%emt 0:00:02]} Nxe5 {[%emt 0:00:03]} 0-1

[Event "11th LCC Super Blitz KO 2019"]
[Site "London"]
[Date "2019.12.08"]
[Round "2.2"]
[White "Howell, David W L"]
[Black "McPhillips, Joseph"]
[Result "1-0"]
[WhiteElo "2676"]
[BlackElo "2434"]
[Annotator "ChessBase"]
[PlyCount "81"]
[EventDate "2019.12.08"]
[EventType "k.o."]
[EventCountry "ENG"]
[SourceTitle "playchess.com"]
[Source "ChessBase"]
[SourceQuality "1"]
[TimeControl "180+2"]

1. Nf3 {[%emt 0:00:00]} f6 {[%emt 0:00:00]} 2. d4 {[%emt 0:00:02]} Kf7 {[%emt 0:00:00]} 3. e4 {[%emt 0:00:02]} g6 {[%emt 0:00:01]} 4. Bd3 {[%emt 0:00:01]} Bh6 {[%emt 0:00:01]} 5. Nbd2 {[%emt 0:00:04]} Kg7 {[%emt 0:00:02]} 6. c3 {[%emt 0:00:02]} d6 {[%emt 0:00:09]} 7. O-O {[%emt 0:00:18]} e5 {[%emt 0:00:00]} 8. Re1 {[%emt 0:00:01]} Nc6 {[%emt 0:00:03]} 9. a3 {[%emt 0:00:03]} a5 {[%emt 0:00:02]} 10. b3 {[%emt 0:00:03]} Nge7 {[%emt 0:00:10]} 11. Bb2 {[%emt 0:00:02]} Rf8 {[%emt 0:00:02]} 12. Nf1 {[%emt 0:00:13]} Kh8 {[%emt 0:00:02]} 13. Qe2 {[%emt 0:00:05]} Bg7 {[%emt 0:00:01]} 14. Rad1 {[%emt 0:00:01]} Bg4 {[%emt 0:00:03]} 15. h3 {[%emt 0:00:07]} Bd7 {[%emt 0:00:02]} 16. Ng3 {[%emt 0:00:05]} Qc8 {[%emt 0:00:04]} 17. Bc2 {[%emt 0:00:12]} Nd8 {[%emt 0:00:01]} 18. c4 {[%emt 0:00:04]} Ne6 {[%emt 0:00:06]} 19. Qe3 {[%emt 0:00:10]} c5 {[%emt 0:00:06]} 20. d5 {[%emt 0:00:34]} Nf4 {[%emt 0:00:11]} 21. Ne2 {[%emt 0:00:11]} g5 {[%emt 0:00:09]} 22. Nh2 {[%emt 0:00:12]} Neg6 {[%emt 0:00:01]} 23. Kh1 {[%emt 0:00:03]} h5 {[%emt 0:00:23]} 24. Nxf4 {[%emt 0:00:20]} Nxf4 {[%emt 0:00:17]} 25. Nf1 {[%emt 0:00:20]} Bh6 {[%emt 0:00:02]} 26. Ng3 {[%emt 0:00:06]} Kh7 {[%emt 0:00:09]} 27. Nf5 {[%emt 0:00:03]} Bxf5 {[%emt 0:00:12]} 28. exf5 {[%emt 0:00:01]} g4 {[%emt 0:00:04]} 29. Qe4 {[%emt 0:00:19]} Rg8 {[%emt 0:00:07]} 30. Re3 {[%emt 0:00:08]} gxh3 {[%emt 0:00:22]} 31. g3 {[%emt 0:00:00]} Ng2 {[%emt 0:00:02]} 32. Re2 {[%emt 0:00:07]} h4 {[%emt 0:00:00]} 33. Qf3 {[%emt 0:00:04]} hxg3 34. fxg3 {[%emt 0:00:01]} Qd7 {[%emt 0:00:45]} 35. Re4 {[%emt 0:00:00]} Rg5 {[%emt 0:00:06]} 36. Rg1 {[%emt 0:00:03]} Rag8 {[%emt 0:00:03]} 37. g4 {[%emt 0:00:00]} Nh4 {[%emt 0:00:06]} 38. Qxh3 {[%emt 0:00:01]} Nxf5 {[%emt 0:00:10]} 39. Ree1 {[%emt 0:00:01]} e4 40. Bxe4 {[%emt 0:00:02]} Kg7 {[%emt 0:00:03]} 41. Bxf5 {[%emt 0:00:02]} 1-0

[Event "11th LCC Super Blitz KO 2019"]
[Site "London"]
[Date "2019.12.08"]
[Round "2.2"]
[White "Moussard, Jules"]
[Black "Vocaturo, Daniele"]
[Result "1-0"]
[WhiteElo "2598"]
[BlackElo "2627"]
[Annotator "ChessBase"]
[PlyCount "87"]
[EventDate "2019.12.08"]
[EventType "k.o."]
[EventCountry "ENG"]
[SourceTitle "playchess.com"]
[Source "ChessBase"]
[SourceQuality "1"]
[TimeControl "180+2"]

1. e4 {[%emt 0:00:00]} c5 {[%emt 0:00:00]} 2. Nf3 {[%emt 0:00:00]} e6 {[%emt 0:00:01]} 3. g3 {[%emt 0:00:02]} Nc6 {[%emt 0:00:03]} 4. Bg2 {[%emt 0:00:01]} Nf6 {[%emt 0:00:01]} 5. Qe2 {[%emt 0:00:01]} e5 {[%emt 0:00:03]} 6. O-O {[%emt 0:00:03]} Be7 {[%emt 0:00:01]} 7. c3 {[%emt 0:00:03]} O-O {[%emt 0:00:03]} 8. Na3 {[%emt 0:00:00]} Re8 {[%emt 0:00:01]} 9. d3 {[%emt 0:00:01]} Bf8 {[%emt 0:00:02]} 10. Bg5 {[%emt 0:00:03]} h6 {[%emt 0:00:08]} 11. Bxf6 {[%emt 0:00:01]} Qxf6 {[%emt 0:00:01]} 12. Nc2 {[%emt 0:00:02]} d6 {[%emt 0:00:02]} 13. Ne3 {[%emt 0:00:02]} Be6 {[%emt 0:00:02]} 14. a3 {[%emt 0:00:11]} g6 {[%emt 0:00:03]} 15. b4 {[%emt 0:00:01]} h5 {[%emt 0:00:03]} 16. b5 {[%emt 0:00:08]} Ne7 {[%emt 0:00:01]} 17. a4 {[%emt 0:00:01]} Bh6 {[%emt 0:00:05]} 18. Nd2 {[%emt 0:00:02]} Rad8 {[%emt 0:00:07]} 19. a5 {[%emt 0:00:14]} h4 {[%emt 0:00:06]} 20. Ndc4 {[%emt 0:00:11]} hxg3 {[%emt 0:00:03]} 21. fxg3 {[%emt 0:00:13]} Qg7 {[%emt 0:00:06]} 22. Ng4 {[%emt 0:00:10]} Bg5 {[%emt 0:00:09]} 23. h4 {[%emt 0:00:04]} Bxg4 {[%emt 0:00:03]} 24. Qxg4 {[%emt 0:00:01]} Bh6 {[%emt 0:00:02]} 25. Kh2 {[%emt 0:00:14]} f5 {[%emt 0:00:05]} 26. exf5 {[%emt 0:00:02]} gxf5 {[%emt 0:00:02]} 27. Qxg7+ {[%emt 0:00:01]} Bxg7 {[%emt 0:00:07]} 28. Bxb7 {[%emt 0:00:05]} d5 {[%emt 0:00:02]} 29. Ne3 {[%emt 0:00:00]} f4 {[%emt 0:00:02]} 30. Ng4 {[%emt 0:00:10]} Ng6 {[%emt 0:00:03]} 31. b6 {[%emt 0:00:10]} axb6 {[%emt 0:00:05]} 32. a6 {[%emt 0:00:01]} Re7 {[%emt 0:00:08]} 33. h5 {[%emt 0:00:01]} fxg3+ {[%emt 0:00:01]} 34. Kxg3 {[%emt 0:00:01]} Nf4 {[%emt 0:00:02]} 35. h6 {[%emt 0:00:00]} Bh8 {[%emt 0:00:04]} 36. a7 {[%emt 0:00:06]} Rxb7 {[%emt 0:00:02]} 37. a8=Q {[%emt 0:00:01]} Rxa8 {[%emt 0:00:02]} 38. Rxa8+ {[%emt 0:00:01]} Kh7 {[%emt 0:00:02]} 39. d4 {[%emt 0:00:07]} cxd4 {[%emt 0:00:04]} 40. cxd4 {[%emt 0:00:00]} Ne2+ {[%emt 0:00:08]} 41. Kh4 {[%emt 0:00:05]} Nf4 {[%emt 0:00:09]} 42. dxe5 {[%emt 0:00:03]} Ng6+ {[%emt 0:00:02]} 43. Kh5 {[%emt 0:00:01]} Re7 {[%emt 0:00:05]} 44. Rxh8+ {[%emt 0:00:06]} 1-0

[Event "11th LCC Super Blitz KO 2019"]
[Site "London"]
[Date "2019.12.08"]
[Round "2.2"]
[White "Grover, Sahaj"]
[Black "Gharamian, Tigran"]
[Result "0-1"]
[WhiteElo "2508"]
[BlackElo "2603"]
[Annotator "ChessBase"]
[PlyCount "184"]
[EventDate "2019.12.08"]
[EventType "k.o."]
[EventCountry "ENG"]
[SourceTitle "playchess.com"]
[Source "ChessBase"]
[SourceQuality "1"]
[TimeControl "180+2"]

1. e4 {[%emt 0:00:00]} c6 {[%emt 0:00:00]} 2. d4 {[%emt 0:00:06]} d5 {[%emt 0:00:00]} 3. Nd2 {[%emt 0:00:01]} dxe4 {[%emt 0:00:01]} 4. Nxe4 {[%emt 0:00:01]} Nd7 {[%emt 0:00:02]} 5. Nf3 {[%emt 0:00:06]} Ngf6 {[%emt 0:00:02]} 6. Nxf6+ {[%emt 0:00:01]} Nxf6 {[%emt 0:00:01]} 7. Bc4 {[%emt 0:00:01]} Bf5 {[%emt 0:00:08]} 8. O-O {[%emt 0:00:10]} e6 {[%emt 0:00:02]} 9. a4 {[%emt 0:00:01]} a5 {[%emt 0:00:08]} 10. c3 {[%emt 0:00:02]} Bd6 {[%emt 0:00:06]} 11. Bg5 {[%emt 0:00:12]} O-O {[%emt 0:00:03]} 12. Re1 {[%emt 0:00:07]} Be7 {[%emt 0:00:12]} 13. h3 {[%emt 0:00:07]} h6 {[%emt 0:00:21]} 14. Bf4 {[%emt 0:00:06]} Nd5 {[%emt 0:00:03]} 15. Bh2 {[%emt 0:00:07]} Qb6 {[%emt 0:00:11]} 16. Qe2 {[%emt 0:00:20]} Rfe8 {[%emt 0:00:02]} 17. Ne5 {[%emt 0:00:02]} Bf6 {[%emt 0:00:24]} 18. Nd7 {[%emt 0:00:56]} Qd8 {[%emt 0:00:01]} 19. Nc5 {[%emt 0:00:10]} Qb6 {[%emt 0:00:02]} 20. Ra3 {[%emt 0:00:06]} Qa7 {[%emt 0:00:09]} 21. Rb3 {[%emt 0:00:13]} b6 {[%emt 0:00:01]} 22. Nd3 {[%emt 0:00:04]} Rad8 {[%emt 0:00:13]} 23. Ne5 {[%emt 0:00:01]} Bxe5 {[%emt 0:00:03]} 24. Bxe5 {[%emt 0:00:02]} Bg6 {[%emt 0:00:10]} 25. Qg4 {[%emt 0:00:04]} Kh7 {[%emt 0:00:15]} 26. Bd3 {[%emt 0:00:02]} Ne7 {[%emt 0:00:15]} 27. h4 {[%emt 0:00:04]} f6 {[%emt 0:00:05]} 28. Bxg6+ {[%emt 0:00:07]} Nxg6 {[%emt 0:00:01]} 29. Bg3 {[%emt 0:00:04]} f5 {[%emt 0:00:02]} 30. Qf3 {[%emt 0:00:03]} f4 {[%emt 0:00:04]} 31. Bh2 {[%emt 0:00:01]} Rd5 {[%emt 0:00:05]} 32. h5 {[%emt 0:00:02]} Nh4 {[%emt 0:00:17]} 33. Qg4 {[%emt 0:00:07]} Qe7 {[%emt 0:00:19]} 34. Bxf4 {[%emt 0:00:06]} b5 {[%emt 0:00:05]} 35. axb5 {[%emt 0:00:04]} cxb5 36. Re5 {[%emt 0:00:12]} Rxe5 {[%emt 0:00:13]} 37. Bxe5 {[%emt 0:00:01]} b4 {[%emt 0:00:01]} 38. cxb4 {[%emt 0:00:03]} axb4 {[%emt 0:00:00]} 39. Rg3 {[%emt 0:00:06]} Nf5 {[%emt 0:00:01]} 40. Qg6+ {[%emt 0:00:01]} Kg8 {[%emt 0:00:02]} 41. Rf3 {[%emt 0:00:06]} Nh4 {[%emt 0:00:02]} 42. Qg4 {[%emt 0:00:04]} Nxf3+ {[%emt 0:00:01]} 43. Qxf3 {[%emt 0:00:01]} Qf7 {[%emt 0:00:02]} 44. Qg4 {[%emt 0:00:03]} b3 {[%emt 0:00:02]} 45. f3 {[%emt 0:00:02]} Rd8 {[%emt 0:00:03]} 46. Kh2 {[%emt 0:00:03]} Rd7 {[%emt 0:00:01]} 47. Kg3 {[%emt 0:00:02]} Ra7 {[%emt 0:00:03]} 48. Kh4 {[%emt 0:00:03]} Rd7 {[%emt 0:00:02]} 49. Qe4 {[%emt 0:00:01]} Qf5 {[%emt 0:00:01]} 50. Qa8+ {[%emt 0:00:03]} Kh7 {[%emt 0:00:01]} 51. g4 {[%emt 0:00:01]} Qf7 {[%emt 0:00:02]} 52. Qe4+ {[%emt 0:00:01]} Kg8 {[%emt 0:00:01]} 53. Qa8+ {[%emt 0:00:01]} Qf8 {[%emt 0:00:01]} 54. Qc6 {[%emt 0:00:01]} Qe7+ {[%emt 0:00:02]} 55. Kg3 {[%emt 0:00:01]} Ra7 {[%emt 0:00:04]} 56. Qc8+ {[%emt 0:00:01]} Kh7 {[%emt 0:00:00]} 57. Qc6 {[%emt 0:00:01]} Qf7 {[%emt 0:00:05]} 58. Qe4+ {[%emt 0:00:01]} Kg8 {[%emt 0:00:00]} 59. Qc6 {[%emt 0:00:02]} Rd7 {[%emt 0:00:03]} 60. Qa8+ {[%emt 0:00:01]} Qf8 {[%emt 0:00:00]} 61. Qc6 {[%emt 0:00:02]} Qe8 {[%emt 0:00:02]} 62. Qb5 {[%emt 0:00:02]} Qf7 {[%emt 0:00:07]} 63. Qb8+ {[%emt 0:00:02]} Kh7 {[%emt 0:00:01]} 64. Qxb3 {[%emt 0:00:01]} Rd8 {[%emt 0:00:01]} 65. Qd3+ {[%emt 0:00:01]} Kg8 {[%emt 0:00:01]} 66. b4 {[%emt 0:00:01]} Qb7 {[%emt 0:00:02]} 67. Qg6 {[%emt 0:00:04]} Qd7 {[%emt 0:00:06]} 68. b5 {[%emt 0:00:02]} Rf8 {[%emt 0:00:06]} 69. b6 {[%emt 0:00:03]} Rf7 70. Qe4 {[%emt 0:00:03]} Re7 {[%emt 0:00:02]} 71. Qa8+ {[%emt 0:00:02]} Kh7 {[%emt 0:00:01]} 72. Qe4+ Kg8 73. Qc2 {[%emt 0:00:05]} Qb7 {[%emt 0:00:02]} 74. Qc5 {[%emt 0:00:03]} Rf7 {[%emt 0:00:02]} 75. f4 {[%emt 0:00:03]} Qh1 {[%emt 0:00:04]} 76. Qc8+ {[%emt 0:00:02]} Kh7 77. Qc2+ Kg8 78. Qc8+ {[%emt 0:00:03]} Kh7 {[%emt 0:00:01]} 79. Qc2+ {[%emt 0:00:01]} Kg8 {[%emt 0:00:00]} 80. Qg2 {[%emt 0:00:06]} Qe1+ {[%emt 0:00:02]} 81. Qf2 {[%emt 0:00:01]} Qc3+ {[%emt 0:00:02]} 82. Qf3 {[%emt 0:00:02]} Qe1+ {[%emt 0:00:01]} 83. Kh3 {[%emt 0:00:02]} Qb1 {[%emt 0:00:01]} 84. Bc7 {[%emt 0:00:03]} Qc2 {[%emt 0:00:04]} 85. Qa8+ {[%emt 0:00:02]} Kh7 86. Qf3 {[%emt 0:00:02]} Kg8 {[%emt 0:00:03]} 87. Bd6 {[%emt 0:00:01]} Qb1 {[%emt 0:00:03]} 88. Bc5 {[%emt 0:00:02]} Kh7 {[%emt 0:00:01]} 89. Qc6 {[%emt 0:00:03]} Qf1+ {[%emt 0:00:02]} 90. Qg2 {[%emt 0:00:01]} Qxf4 {[%emt 0:00:04]} 91. Qc2+ {[%emt 0:00:04]} Kg8 {[%emt 0:00:01]} 92. Qd3 {[%emt 0:00:02]} Qf2 {[%emt 0:00:01]} 0-1